• 首页
  • 本馆介绍
  • 公告通知
  • 最新文献
  • 馆藏检索
  • 电子资源
  • 读者导购
  • 参考咨询
  • 我的图书馆
  • 登录
  • 详细信息显示
  • 放入我的书架
  • 预约/预借图书
  • 作者相关作品
  • 分类相关作品
  • 丛书相关作品
  • 出版社相关作品

书目信息

  • 表格格式
  • 工作单格式
  • 卡片格式
题名:
科学心理学
    
 
作者: 王极盛 著
分册:  
出版信息: 杭州   浙江教育出版社  1987.7
页数: 236页
开本: 20厘米
丛书名: 现代管理丛书
单 册:
中图分类: G30
科图分类:
主题词: 创造心理学
电子资源:
ISBN: 7-5338-0028-1
000 00815nam2 2200265 450
001 0100246928
005 20091221142633.0
010    @a7-5338-0028-1@dCNY1.65
011    @a7-5338-0028-1
100    @a20021005d1987 km y0chiy0110 ea
101 0  @achi
102    @aCN@b330000
105    @ay z 000yy
200 1  @a科学心理学@9Ke Xue Xin Li Xue @f王极盛著@b专著
205    @a2版
210    @a杭州@c浙江教育出版社@d1987.7
215    @a236页@d20厘米
225 2  @a现代管理丛书@f田 夫主编
330    @a本书主要内容包括智力因素、非智力因素与科学创造,老、中、青科技工作者的创造心理特点,创造者的心理类型等。
410  0 @12001 @a现代管理丛书
606 0  @a创造心理学
690    @aG30@v1980
701  0 @a王极盛@f(1937~)@9wang ji sheng@4著
801  0 @aCN@bAiZhiMarc@c19910417
905    @aBZT@dG30@e11@f1@sG30/11
    
    科学心理学/王极盛著.-2版.-杭州:浙江教育出版社,1987.7
    236页;20厘米.-(现代管理丛书/田 夫主编)
    
    
    ISBN 7-5338-0028-1:CNY1.65
    本书主要内容包括智力因素、非智力因素与科学创造,老、中、青科技工作者的创造心理特点,创造者的心理类型等。
●
相关链接 在五车中查询图书 在当当中查询图书 在豆瓣中查询图书


正题名:科学心理学     索取号:G30/11         预约/预借

序号 登录号 条形码 馆藏地/架位号 状态 备注
1 2000112825   2000112825   旧书回溯/ [索取号:G30/11] 在馆    
山东省滨州职业学院图书馆 欢迎您!
大连网信软件有限公司© 版权所有